000 00550nam a2200193 a 4500
001 23885
003 CO-ViMGA
008 141112s2004 ck r 000 u spa d
020 _a9789583023705
040 _aCO-ViMGA
_bspa
_cCO-ViMGA
082 0 4 _aGUTt
100 1 _aGutman, Claude, 1946 -
_934608
245 1 0 _aAquella vez...yo tuve una mascota /
_cClaude Gutman
260 _aColombia :
_bpanAméricana
300 _a36p.
650 1 4 _a2 : MASCOTAS - CUENTOS INFANTILES
_934609
650 1 4 _aCUENTOS INFANTILES FRANCESES
_97840
942 _2ddc
_cBK
999 _c31958
_d31958